000 00592nam a22001697a 4500
003 OSt
005 20260407143858.0
008 260407b |||||||| |||| 00| 0 eng d
040 _cMRSPTU
041 _aEnglish
100 _aAkanksha, Supervisor: Dr. Kawaljit Singh Sandhu
245 _aHeat Moisture Treated Lotus Seed Starch: Its Characterization and Usage in Tablet Formulation
260 _bDepartment of Food Science & Technology, MRSPTU, Bathinda
_c2020
650 _aFood Science & Technology
856 _uhttp://163.47.215.52:8080/jspui/handle/123456789/471
942 _2ddc
_cTH
_n0
999 _c11339
_d11339